000 00732nam a2200253 i 4500
003 DO-SdBNP
005 20260326081434.0
007 ta
008 190716s1991 000 spa d
040 _aDO-SdBNP
_bspa
_cBNPHU
_erda
041 _aspa
082 4 _axxx
_bxxx
_222
100 _aButten Varona, Nelson,
_eautor.
_4aut.
_965238
245 1 0 _aTemas electorales 1980-1990 /
_cNelson Butten Varona
260 _c1
264 4 _aSanto Domingo :
_bEditora Taller,
_c©1991.
300 _a193 páginas :
_bretratos ;
_c20 cm.
336 _atexto
_btxt
_2rdacontent
337 _asin mediación
_bn
_2rdamedia
338 _avolumen
_bnc
_2rdacarrier
590 _aInventariado, 2025/BT
910 _aBtavárez
942 _2ddc
_cLBS1
999 _c48542
_d48542